Ecuaciones diferenciales: una perspectiva de modelación
Kaydedildi:
| Asıl Yazarlar: | , |
|---|---|
| Materyal Türü: | Kitap |
| Dil: | İspanyolca |
| Baskı/Yayın Bilgisi: |
Ciudad de México
Oxford University
2002
|
| Konular: | |
| Etiketler: |
Etiketle
Etiket eklenmemiş, İlk siz ekleyin!
|
MARC
| LEADER | 00000nam a2200000 a 4500 | ||
|---|---|---|---|
| 001 | UCM7569 | ||
| 003 | CL-VaPUC | ||
| 008 | 021227e20020000MX |||||||||||||||||spa|d | ||
| 082 | 0 | 4 | |a 515.35 |b BOR |2 21 |
| 100 | 0 | |a Borrelli, Robert L |e author |9 473226 | |
| 700 | 0 | |a Coleman, Courtney S |e author |9 473227 | |
| 245 | 1 | 0 | |a Ecuaciones diferenciales: una perspectiva de modelación |
| 300 | |a 828 p | ||
| 942 | |c BK | ||
| 945 | |d 20021227 00:00:00 |a vberengu | ||
| 260 | |a Ciudad de México |b Oxford University |c 2002 | ||
| 650 | 0 | |a Ecuaciones diferenciales |9 260083 | |
| 650 | 0 | |a Transformada de Laplace |9 422308 | |
| 650 | 0 | |a Sistemas lineales |9 384816 | |
| 583 | |a last modification |c 20021227 00:00:00 |k Rodrigo Vera | ||
| 999 | |c 302328 |d 302326 | ||
| 952 | |0 0 |1 0 |4 0 |6 515_350000000000000_BOR_2002 |7 0 |8 A |9 362737 |a BIBMAT |b BIBMAT |d 2019-11-21 |i 3872521 |o 515.35 BOR 2002 |p 3872521 |r 2025-01-07 |w 2019-11-21 |y BK |k MAT | ||